|
|
|
|
| LEADER |
00000cam a2200000 a 4500 |
| 001 |
vtls008907036 |
| 003 |
SK-MaSNL |
| 005 |
20260301170017.0 |
| 008 |
240313s1988 xo a d p 000 0 cze |
| 020 |
|
|
|q (brož.)
|
| 035 |
|
|
|a LMAOSK5582
|
| 040 |
|
|
|a SNK
|b slo
|c SNK
|e AACR2
|
| 041 |
0 |
|
|a cze
|
| 044 |
|
|
|a xo
|c SK
|
| 072 |
|
7 |
|a 621.3
|x Elektrotechnika
|2 konspekt
|
| 080 |
|
|
|a 621.39.06
|2 2001
|
| 080 |
|
|
|a 621.372.54
|2 2001
|
| 080 |
|
|
|a 621.396.69
|2 2001
|
| 080 |
|
|
|a (075.8)
|2 2001
|
| 100 |
1 |
|
|a Nerud, Václav
|4 aut
|9 535596
|
| 245 |
1 |
0 |
|a Spojovací zařízení
|n [Díl] III
|p Kmitočtové filtry LC
|n [Část] I
|p Základy radiotechnických zařízení
|c spracoval Václav Nerud
|
| 246 |
3 |
0 |
|a Kmitočtové filtry LC
|
| 246 |
3 |
0 |
|a Základy radiotechnických zařízení
|
| 260 |
|
|
|a Liptovský Mikuláš
|b Vysoká vojenská technická škola ČSSP
|c 1988
|
| 300 |
|
|
|a 82 s.
|b ilustr., sch.
|c 21 cm
|
| 650 |
0 |
7 |
|a spojovacie systémy
|2 SNKPH
|9 68814
|
| 650 |
0 |
7 |
|a rádiotechnické zariadenia
|2 SNKPH
|9 99860
|
| 650 |
0 |
7 |
|a kmitočtové filtre
|2 SNKPH
|9 99861
|
| 655 |
|
7 |
|a učebnice vysokých škôl
|2 SNKPH
|9 70191
|
| 958 |
|
|
|a OND
|
| 999 |
|
|
|c 826164
|d 828094
|
| 952 |
|
|
|a SNK
|b SNK
|y PREZ
|7 0
|p 17A0509331
|o snkSC 126986/3/1
|i snk2007/6204
|8 1
|0 0
|1 0
|4 0
|d 2007-03-06
|l 0
|r 2025-06-16 00:00:00
|w 2026-02-24
|
| 952 |
|
|
|a SNK
|b SNK
|y VYP
|7 0
|p 17A0509330
|o snkSC 126986/3/1 D1
|i snk2007/6205
|8 1
|0 0
|1 0
|4 0
|d 2007-03-06
|l 0
|r 2026-02-24 03:21:06
|w 2026-02-24
|